000 00845nam a2200229 a 4500
999 _c11821
_d11821
001 11821
003 BD-JhCC
005 20210930134021.0
008 201108b20172018bg a|||| | a| 000 0 mul d
020 _a9847027700671
035 _a(BD-JhCC)11821
040 _aBD-JhCC
_dBD-JhCC
041 _amul
082 _a004.09
_bRAH 2013
100 _aরহমান, মোহাম্মদ মিজানুর
245 _aপাইথন প্রোগ্রামিং ফাউন্ডেশন /
_cমোহাম্মদ মিজানুর রহমান (নয়ন।) ।
260 _aঢাকা:
_bজ্ঞানকোষ প্রকাশনী;
_c২০১৮.
300 _a266 p. :
_bill;
_c24 cm.
651 _aComputers--Social aspects
_xComputer engineering
_zComputers
942 _2ddc
_cBK
_02